| 000 | 00993cam a2200325 a 4500 | ||
|---|---|---|---|
| 001 | 13988657 | ||
| 003 | ARRUPE | ||
| 005 | 20140506112345.0 | ||
| 008 | 040706s2004 enk 000 0 eng d | ||
| 010 | _a 2005412766 | ||
| 015 |
_aGBA455057 _2bnb |
||
| 016 | 7 |
_a012959296 _2Uk |
|
| 020 | _a0719564875 | ||
| 035 | _a(OCoLC)ocm56661591 | ||
| 040 |
_aUKM _cUKM _dOUN _dGZM _dDLC |
||
| 042 | _alccopycat | ||
| 043 | _ae-uk--- | ||
| 050 | 0 | 0 |
_aDA566.9.A1 _bW45 2004 |
| 082 | 0 | 4 |
_a808.851 _222 |
| 100 |
_aHuth, Angela _910088 |
||
| 245 | 0 | 0 |
_aWell-remembered friends : _beulogies on celebrated lives / _ccollected by Angela Huth. |
| 260 |
_aLondon : _bJohn Murray, _c2004. |
||
| 300 |
_axii, 459 p. ; _c23 cm. |
||
| 650 | 0 |
_aEulogies. _910089 |
|
| 651 | 0 |
_aGreat Britain _vBiography. _910090 |
|
| 700 | 1 |
_aHuth, Angela, _d1938- _910091 |
|
| 906 |
_a7 _bcbc _ccopycat _d2 _encip _f20 _gy-gencatlg |
||
| 942 |
_2lcc _cMONOGRAPH |
||
| 999 |
_c120468 _d120468 |
||